| 000 | 00818nam a22002057a 4500 | ||
|---|---|---|---|
| 999 |
_c15900 _d15900 |
||
| 003 | AR-CdUCM | ||
| 008 | 190430b ||||| |||| 00| 0 spa d | ||
| 040 |
_aMUNICIPALIDAD PROVINCIAL DEL CUSCO _cBIBLIOTECA MUNICIPAL DEL CUSCO |
||
| 082 |
_a351.07 / _bA65 |
||
| 100 |
_aAragon Carreño, Luis Angel _931985 |
||
| 245 | _aResponsabilidad civil de una persona jurídica ante actos de denigración dentro de la competencia desleal / | ||
| 260 |
_aCusco : _bEdmundo Pantigozo, _c2003. |
||
| 300 |
_a71 páginas ; _c23 cm. |
||
| 505 | _aContenido: Reglas aplicables -- La responsabilidad Civil -- Los actos de denigración y la competencia desleal... | ||
| 650 |
_aCompetencia desleal _935115 |
||
| 650 |
_aCausa adecuada _935116 |
||
| 650 |
_aAntijuridicidad _935117 |
||
| 942 |
_2ddc _cLIBROS |
||
| 945 |
_adavv _d30/04/2019 |
||